Statistics for 20 Countries with lowest amount of COVID-19 cases per 1,000,000 people

Click here to take the quiz!

General Stats

  • This quiz has been taken 7 times
  • The average score is 11 of 20

Answer Stats

CasesCountry% Correct
347China
83%
998Burkina Faso
67%
441Chad
67%
1,004D.R.C.
67%
2,325Madagascar
67%
1,537Mali
67%
934Sierra Leone
67%
1,622Somalia
67%
1,581South Sudan
67%
1,387Sudan
67%
383Yemen
67%
2,189Benin
50%
2,760Guinea
50%
1,520Liberia
50%
2,782Eritrea
33%
381Niger
33%
1,229Nigeria
33%
677Tanzania
33%
2,728Nicaragua
17%
1,786Tajikistan
17%

Score Distribution

Percentile by Number Answered

Percent of People with Each Score

Your Score History

You have not taken this quiz